000 00368nam a2200145Ia 4500
100 _aPetersen/W.P/ Arbenz/P
942 _cBK
366 _f25
245 _aIntroduction to Parallel computing: A practical guide with examples in C
260 _bOxford university press
_c2004
082 _a4.35
_bPET
300 _a259
546 _aENGLISH
_cComputers
999 _c29437
_d29437